| 000 | 00794nam a22002537a 4500 | ||
|---|---|---|---|
| 999 |
_c171212 _d171212 |
||
| 005 | 20200108161957.0 | ||
| 010 | _aENG-127330-31 | ||
| 020 |
_c550.00 _a9789386519221 (V.1) |
||
| 020 |
_c290.00 _a9789386519238 (V.2) |
||
| 035 | _aEN-110862-863 | ||
| 037 |
_aDPL _bSaras Publication |
||
| 082 | _a592 | ||
| 100 | _aArumugam,N. | ||
| 245 |
_aInvertebrata / _cby N.Arumugam...[et all] |
||
| 260 |
_aTamil Nad _bSaras Punlication _c2015 |
||
| 270 |
_a114/35G A.R.P Camp Road,Periavilai,Kottar,Nagercoil _bTamil Nad _e629002 |
||
| 300 |
_a2V.(1224p.;498p.) : _c24cm(pbk) |
||
| 500 | _aIncludes index | ||
| 505 | _a`V.1Invertebrata ; V.2- Invertebrata | ||
| 700 | _aKannan,S | ||
| 700 | _aRagunathan,M.G | ||
| 700 | _aSmith,Robin Perinba | ||
| 942 |
_2ddc _cEN _mARU _h592 |
||